[Event "AUTO-ELITE-1471"]
[Site "http://www.queenalice.com/game.php?id=1391747"]
[Date "2015.10.31"]
[Round "2"]
[White "meguinho"]
[Black "nnetto"]
[Result "1-0"]
[WhiteElo "2660"]
[BlackElo "2376"]

1. e4 c5 2. Nf3 d6 3. d4 cxd4 4. Nxd4 Nf6 5. Nc3 a6 6. Bg5 e6 7. f4 Qb6 8. Qd2
Nc6 9. Bxf6 gxf6 10. Nb3 Bd7 11. O-O-O O-O-O 12. Be2 h5 13. Rhf1 Be7 14. Rf3
Rdg8 15. Bf1 Kb8 16. Rd3 Nb4 17. Rd4 Rc8 18. Kb1 a5 19. a3 Na6 20. Qe1 Rc7 21.
Na4 Bxa4 22. Rxa4 Rhc8 23. Qxa5 Qxa5 24. Nxa5 Rxc2 25. Bxa6 bxa6 26. Rb4+ Ka8
27. Rb6 R8c7 28. Rxa6+ Kb8 29. b4 f5 30. b5 fxe4 31. Nc6+ R7xc6 32. bxc6 Rc3 33.
Rb6+ Kc8 34. Rb7 Bd8 35. Rxf7 Rxc6 36. Rc1 Rc7 37. g3 e3 38. Rcxc7+ Bxc7 39. Kc2
Bb6 40. Kd3 Bc5 41. a4 d5 42. a5 Kb8 43. a6 d4 44. Rb7+ Kc8 45. Rb5 Ba7 46. Rxh5
Bb6 47. Rh7 Bc5 48. a7 Bxa7 49. Rxa7 Kb8 50. Re7 Kc8 51. h4 Kd8 52. Rg7 Ke8 53.
h5 Kf8 54. h6 1-0

[Event "AUTO-ELITE-1471"]
[Site "http://www.queenalice.com/game.php?id=1391748"]
[Date "2015.10.31"]
[Round "2"]
[White "nnetto"]
[Black "meguinho"]
[Result "0-1"]
[WhiteElo "2380"]
[BlackElo "2658"]

1. e4 c5 2. Nf3 Nc6 3. d4 cxd4 4. Nxd4 Nf6 5. Nc3 d6 6. Bg5 e6 7. Qd2 Be7 8.
O-O-O O-O 9. f4 Nxd4 10. Qxd4 Qa5 11. Bc4 Bd7 12. e5 dxe5 13. fxe5 Bc6 14. Bd2
Bc5 15. Qf4 Nd7 16. Rhe1 Qc7 17. Qg3 Rfc8 18. Bh6 Bf8 19. Rd4 b5 20. Bd3 f5 21.
Kb1 a6 22. Bd2 Nc5 23. Be2 Rd8 24. Rxd8 Rxd8 25. Bg5 Rb8 26. Bf3 b4 27. Ne2 Be4
28. Qh4 h6 29. Be3 b3 30. axb3 Be7 31. Qf2 Bxc2+ 32. Kxc2 Ne4+ 33. Kb1 Nxf2 34.
Bxf2 Rxb3 35. Nd4 Rb6 36. Re2 Qc4 37. Nxf5 Qd3+ 38. Ka1 Rb4 39. Nxe7+ Kh8 40.
Re4 Rxe4 41. Bxe4 Qxe4 42. Bc5 Qxg2 43. Ka2 Qxh2 44. Kb1 Qe2 45. b3 Kh7 46. Nc8
Qe4+ 47. Kc1 Qc6 48. Nb6 Qxc5+ 49. Nc4 h5 50. Kd1 h4 51. Nb2 h3 52. Kd2 h2 0-1

[Event "AUTO-ELITE-1476"]
[Site "http://www.queenalice.com/game.php?id=1395737"]
[Date "2015.11.24"]
[Round "2"]
[White "meguinho"]
[Black "krodo"]
[Result "1/2-1/2"]
[WhiteElo "2677"]
[BlackElo "2590"]

1. e4 c5 2. Nf3 Nc6 3. d4 cxd4 4. Nxd4 e5 5. Nb5 d6 6. c4 Be7 7. Bd3 Nf6 8. O-O
O-O 9. N1c3 a6 10. Na3 Be6 11. Nc2 Rc8 12. b4 Nd7 13. Nd5 Bg5 14. a3 Bxc1 15.
Rxc1 Qg5 16. g3 Rfe8 17. Re1 Qd8 18. Bf1 g6 19. Qd3 Kg7 20. Red1 h6 21. Nce3 Nd4
22. Nc2 Nxc2 23. Rxc2 Nf6 24. Qe3 Bxd5 25. exd5 e4 26. c5 Re5 27. Qc3 h5 28. Bg2
h4 29. Re2 1/2-1/2

[Event "AUTO-ELITE-1476"]
[Site "http://www.queenalice.com/game.php?id=1395738"]
[Date "2015.11.24"]
[Round "2"]
[White "krodo"]
[Black "meguinho"]
[Result "1/2-1/2"]
[WhiteElo "2588"]
[BlackElo "2673"]

1. d4 d5 2. c4 c6 3. Nf3 Nf6 4. e3 e6 5. Bd3 Nbd7 6. O-O dxc4 7. Bxc4 b5 8. Bd3
Bb7 9. e4 a6 10. a4 Be7 11. e5 Nd5 12. Nc3 Nb4 13. Be4 O-O 14. axb5 axb5 15.
Rxa8 Bxa8 16. Qe2 c5 17. Bxa8 Qxa8 18. Qxb5 Qc6 19. Qc4 Rd8 20. dxc5 Qxc5 21.
Qe4 Qa5 22. Be3 Nc5 23. Bxc5 Qxc5 24. Rd1 Rxd1+ 25. Nxd1 Qc1 1/2-1/2

[Event "AUTO-OPEN-3476"]
[Site "http://www.queenalice.com/game.php?id=1396705"]
[Date "2015.11.30"]
[Round "2"]
[White "meguinho"]
[Black "rsgaspar"]
[Result "1-0"]
[WhiteElo "2671"]
[BlackElo "2552"]

1. e4 c5 2. Nf3 Nc6 3. d4 cxd4 4. Nxd4 e5 5. Nb5 d6 6. c4 Nf6 7. N5c3 Be7 8. Bd3
O-O 9. O-O a6 10. h3 Be6 11. Nd5 Nd4 12. Nbc3 Nxd5 13. Nxd5 f5 14. exf5 Bxf5 15.
Be3 Bxd3 16. Qxd3 Nf5 17. Qb3 Nxe3 18. fxe3 Rb8 19. Rxf8+ Bxf8 20. Rf1 g6 21. e4
Bg7 22. Qe3 Qd7 23. Qa7 Rd8 24. Rf3 Rf8 25. Rxf8+ Kxf8 26. Qb8+ Kf7 27. b4 h5
28. a4 g5 29. b5 g4 30. hxg4 hxg4 31. Ne3 Kg6 32. Nf5 axb5 33. cxb5 Bf6 34. Qg8+
Kh5 35. Kh2 Bg5 36. Qh8+ Kg6 37. Kg3 d5 38. Kxg4 Bc1 39. Qg8+ Kf6 40. Qf8+ Kg6
41. exd5 e4 42. Qd6+ Qxd6 43. Nxd6 Kf6 44. Nxb7 Ke5 45. d6 Ke6 46. Nc5+ Kxd6 47.
Nxe4+ Kc7 48. Kf5 Bb2 49. g4 Kd8 50. Nf6 1-0

[Event "AUTO-OPEN-3476"]
[Site "http://www.queenalice.com/game.php?id=1396706"]
[Date "2015.11.30"]
[Round "2"]
[White "rsgaspar"]
[Black "meguinho"]
[Result "1/2-1/2"]
[WhiteElo "2534"]
[BlackElo "2675"]

1. e4 e5 2. Nf3 Nc6 3. Bb5 Nf6 4. O-O Nxe4 5. d4 Nd6 6. Bxc6 dxc6 7. dxe5 Nf5 8.
Qxd8+ Kxd8 9. Nc3 Bd7 10. b3 Kc8 11. Ne4 h6 12. a4 a5 13. Bb2 b6 14. Rfd1 Be6
15. h3 c5 16. Rd2 Ne7 17. Ng3 g6 18. Ne4 g5 19. Nf6 Kb7 20. Rad1 Ng6 21. c4 Be7
22. Nd5 Rhd8 23. Nxe7 Rxd2 24. Nxd2 Nxe7 25. Nf1 Ng6 26. Ne3 Re8 27. Kf1 Nf4 28.
Bc3 Kc8 29. f3 h5 30. Kf2 Rd8 31. Ke1 h4 32. Rxd8+ Kxd8 33. Bd2 Ke7 34. Kd1 c6
35. Bc3 Bd7 36. Kd2 Ke6 37. Bb2 1/2-1/2

[Event "AUTO-OPEN-3460"]
[Site "http://www.queenalice.com/game.php?id=1405226"]
[Date "2016.1.20"]
[Round "3"]
[White "meguinho"]
[Black "NatanEstivallet"]
[Result "1-0"]
[WhiteElo "2671"]
[BlackElo "2224"]

1. e4 c5 2. Nf3 d6 3. d4 cxd4 4. Nxd4 Nf6 5. Nc3 a6 6. Bc4 e6 7. Bb3 b5 8. O-O
Be7 9. Qf3 Qc7 10. Qg3 O-O 11. Bh6 Ne8 12. Rad1 Bd7 13. f4 Nc6 14. Nxc6 Bxc6 15.
f5 Kh8 16. f6 gxf6 17. Bxf8 Bxf8 18. Qe3 Qb7 19. Rd4 Bg7 20. Ne2 Qa7 21. c3 e5
22. Rd3 Bxe4 23. Qxa7 Rxa7 24. Rdd1 Bg6 25. Ng3 Rd7 26. Bd5 Nc7 27. Bc6 Rd8 28.
h4 h5 29. Bf3 f5 30. Bxh5 e4 31. Be2 f4 32. h5 fxg3 33. hxg6 fxg6 34. Rf4 Be5
35. Rxe4 Re8 36. Bf3 Kg7 37. a4 Rb8 38. Rxe5 dxe5 39. Rd7+ Kh6 40. Rxc7 bxa4 41.
Rb7 Rd8 42. Rb4 Rd2 43. Kf1 a5 44. Rb5 a3 45. bxa3 Rc2 46. Rxe5 Rxc3 47. Rxa5
1-0

[Event "AUTO-OPEN-3460"]
[Site "http://www.queenalice.com/game.php?id=1405227"]
[Date "2016.1.20"]
[Round "3"]
[White "NatanEstivallet"]
[Black "meguinho"]
[Result "0-1"]
[WhiteElo "2223"]
[BlackElo "2662"]

1. e4 c5 2. Nf3 d6 3. d4 cxd4 4. Nxd4 Nf6 5. Nc3 a6 6. Be3 e5 7. Nb3 Be7 8. f3
Be6 9. Qd2 O-O 10. O-O-O Nbd7 11. g4 b5 12. g5 b4 13. Ne2 Ne8 14. f4 a5 15. f5
a4 16. Nbd4 exd4 17. Nxd4 b3 18. Kb1 bxc2+ 19. Nxc2 Bb3 20. axb3 axb3 21. Na3
Qc8 22. Rc1 Qb7 23. Bg2 Ne5 24. Rhg1 f6 25. g6 Nc7 26. Qe2 Rxa3 27. bxa3 Nb5 28.
Qb2 d5 29. Qxb3 Nxa3+ 30. Ka2 Qa6 31. gxh7+ Kxh7 32. Bf1 Nac4+ 0-1

[Event "CM"]
[Site "http://www.queenalice.com/game.php?id=1411188"]
[Date "2016.2.26"]
[Round "-"]
[White "Strogonoff"]
[Black "meguinho"]
[Result "0-1"]
[WhiteElo "2035"]
[BlackElo "2672"]

1. e4 c5 2. Nf3 Nc6 3. Nc3 g6 4. Bb5 Bg7 5. O-O Nd4 6. Nxd4 cxd4 7. Ne2 Qb6 8.
Ba4 Nf6 9. d3 O-O 10. c3 dxc3 11. bxc3 d6 12. h3 Qc7 13. Bb3 b6 14. Bf4 Bb7 15.
Ng3 Rac8 16. Rc1 e5 17. Bg5 h6 18. Bxf6 Bxf6 19. f4 exf4 20. Ne2 g5 21. Nd4 Qc5
22. Qh5 Bxd4+ 23. cxd4 Qxd4+ 24. Kh1 Qf6 25. g3 Rxc1 26. Rxc1 fxg3 27. Qe2 Qd4
28. Qf3 d5 29. Rc7 dxe4 30. Qf5 Kh8 31. Rxb7 Qb2 32. Bc2 Qxc2 33. Qe5+ Kg8 34.
Qxg3 exd3 35. Rd7 Qc6+ 0-1

[Event "CM II"]
[Site "http://www.queenalice.com/game.php?id=1412891"]
[Date "2016.3.9"]
[Round "-"]
[White "meguinho"]
[Black "Strogonoff"]
[Result "1-0"]
[WhiteElo "2676"]
[BlackElo "2041"]

1. e4 e5 2. Nf3 Nc6 3. Bb5 d6 4. d4 a6 5. Bxc6+ bxc6 6. dxe5 Be6 7. O-O g6 8.
Nc3 Bg7 9. Bf4 dxe5 10. Bxe5 Bxe5 11. Nxe5 Ne7 12. Qf3 O-O 13. Rad1 Qc8 14. Qf6
Qe8 15. f4 Rd8 16. Rxd8 Qxd8 17. Rd1 Qe8 18. Na4 Nc8 19. f5 Bxf5 20. exf5 gxf5
21. Qg5+ Kh8 22. Rd8 1-0

[Event "AUTO-OPEN-3477"]
[Site "http://www.queenalice.com/game.php?id=1421969"]
[Date "2016.5.8"]
[Round "3"]
[White "greggy"]
[Black "meguinho"]
[Result "1/2-1/2"]
[WhiteElo "2636"]
[BlackElo "2697"]

1. e4 e5 2. Nf3 Nc6 3. Bb5 Nf6 4. O-O Nxe4 5. d4 Nd6 6. Bxc6 dxc6 7. dxe5 Nf5 8.
Qxd8+ Kxd8 9. Nc3 Bd7 10. Rd1 Kc8 11. Ng5 Be8 12. b3 b6 13. Bb2 Be7 14. Nge4 a5
15. a4 Bd7 16. Rd3 Nh4 17. Ng3 Rd8 18. Rad1 Be6 19. Rxd8+ Bxd8 20. Nce2 Bg5 21.
Ne4 Be7 22. Nf4 Bf5 23. f3 g5 24. Ne2 Bg6 25. N2g3 h6 26. Kf2 c5 27. h3 Kb7 28.
Nf1 Rd8 29. Rxd8 Bxd8 30. g4 Kc6 31. Ne3 Be7 32. e6 f5 33. Nf6 Kd6 34. Ng8 Kxe6
35. Nxe7 Kxe7 36. Bg7 Ke6 37. c4 h5 38. Bh6 fxg4 39. fxg4 hxg4 40. Bxg5 Nf5 41.
Nxf5 Bxf5 42. Bf4 c6 1/2-1/2

[Event "AUTO-OPEN-3477"]
[Site "http://www.queenalice.com/game.php?id=1421970"]
[Date "2016.5.8"]
[Round "3"]
[White "meguinho"]
[Black "greggy"]
[Result "0-1"]
[WhiteElo "2697"]
[BlackElo "2627"]

1. e4 e6 2. d4 d5 3. Nc3 Bb4 4. e5 c5 5. a3 Bxc3+ 6. bxc3 Ne7 7. Qg4 Qc7 8. Qxg7
Rg8 9. Qxh7 cxd4 10. Ne2 Nbc6 11. f4 dxc3 12. Qd3 d4 13. Ng3 Bd7 14. Be2 O-O-O
15. O-O Nf5 16. Ne4 Nce7 17. Nf6 Rg7 18. Nxd7 Rxd7 19. Bf3 Qc5 20. Rb1 a6 21.
Rb3 Nd5 22. g3 Kb8 23. Rd1 b5 24. Bg2 Rg8 25. Re1 Rdd8 26. Be4 Nde3 27. Rb4 Kc7
28. Rb3 Nxg3 29. hxg3 Rxg3+ 30. Kf2 Nf5 31. Bxf5 Rxd3 32. Bxd3 Rh8 33. a4 Qe7
34. Rf1 Rh2+ 35. Ke1 bxa4 36. Ra3 Qh4+ 37. Kd1 Qg4+ 38. Ke1 Qg3+ 39. Kd1 Rg2 40.
f5 Qg4+ 0-1

[Event "Sidinei-2"]
[Site "http://www.queenalice.com/game.php?id=1425406"]
[Date "2016.5.30"]
[Round "2"]
[White "fred57"]
[Black "meguinho"]
[Result "1/2-1/2"]
[WhiteElo "2743"]
[BlackElo "2702"]

1. d4 Nf6 2. c4 c6 3. Nf3 d5 4. Qc2 dxc4 5. Qxc4 Bf5 6. g3 e6 7. Bg2 Nbd7 8. O-O
Be7 9. e3 O-O 10. Qe2 c5 11. Rd1 cxd4 12. Nxd4 Be4 13. Nc3 Bxg2 14. Kxg2 Bb4 15.
Bd2 Ne5 16. f4 Nc6 17. Nxc6 bxc6 18. Rac1 Qc7 19. Nb5 Qb7 20. Bxb4 cxb5+ 21. Qf3
Nd5 22. Rxd5 exd5 23. Bxf8 Rxf8 24. Rd1 Rd8 25. Rd4 Qc6 26. Qd1 f5 27. h4 a6 28.
Kf2 Qe6 29. Qd3 g6 30. Qb3 Kg7 31. a4 bxa4 32. Rxa4 Kh6 33. Rd4 a5 34. Qd3 Rb8
35. b3 Rb4 36. Rxb4 axb4 1/2-1/2